Návrh montáže štiepacieho stroja na drevo

Uložené v:
Podrobná bibliografia
Hlavný autor: Matúš, Martin (Autor)
Ďalší autori: Václav, Štefan (Vedúci práce)
Médium: Rukopis Kniha
Jazyk:Slovak
Vydavateľské údaje: 2021
Predmet:
On-line prístup:http://is.stuba.sk/zp/portal_zp.pl?podrobnosti=148756
Tagy: Pridať tag
Žiadne tagy, Buďte prvý, kto otaguje tento záznam!

MARC

LEADER 00000ntm a22000003a 4500
001 stuzp83923
003 SK-STU
005 20210703212352.1
007 ta
008 150427s2015----xo-----f-mn---000-0-slo-d
040 |a STU  |b slo 
041 0 |a slo 
100 1 |a Matúš, Martin  |u 063000  |4 aut  |U MTF Materiálovotechnologická fakulta  |T MTF Ústav výrobných technológií  |X 97234  |U M3000  |Y 83  |7 97234 
242 0 1 |a Design of assembly of a wood splitting machine  |y eng 
245 1 0 |a Návrh montáže štiepacieho stroja na drevo 
260 |c 2021 
650 4 |a montáž  |2 slo 
650 4 |a návrh  |2 slo 
650 4 |a štiepací stroj  |2 slo 
650 4 |a splitting machine  |2 eng 
650 4 |a proposal  |2 eng 
650 4 |a assembly  |2 eng 
700 1 |a Václav, Štefan  |u 063600  |k Z1  |4 ths  |U MTF Ústav výrobných technológií  |T MTF Katedra obrábania a tvárnenia  |X 2778  |U M3600  |Y 841  |7 A000002778 
856 4 |u http://is.stuba.sk/zp/portal_zp.pl?podrobnosti=148756 
996 |c M* BP-9141  |l MMSKP  |s P  |a 0  |w stuzp83923_0001